| 000 | 01198nam a2200325Ic 4500 | ||
|---|---|---|---|
| 001 | 60251 | ||
| 003 | CO-BoRNBP | ||
| 005 | 20251217213507.0 | ||
| 007 | ta | ||
| 008 | 181205s9999 xx 000 0 und d | ||
| 020 | _a9789584245328 | ||
| 040 |
_aCO-BoRNBP _bspa _erda _cCO-BoRNBP |
||
| 041 | _aspa | ||
| 084 | _aN | ||
| 100 | 1 | 0 |
_aMendoza Zambrano, Mario, _d1964- _eaut _940723 |
| 245 | 1 | 3 |
_aEl mensajero de Agartha 1: _bzombies / _cMario Mendoza ; ilustraciones àscar Abril , Alejandro Amaya. |
| 250 | _aPrimera edición | ||
| 264 | 1 |
_aBogotá, Colombia : _bDestino, _c[Fecha de publicación no identificada] |
|
| 300 |
_a188 páginas : _bilustraciones en blanco y negro |
||
| 336 |
_atexto _btxt _2rdacontent |
||
| 337 |
_asin mediación _bn _2rdamedia |
||
| 338 |
_avolumen _bnc _2rdacarrier |
||
| 500 | _aRecomendado para un público mayor de 12 años \ Incluye datos biográficos del autor en la solapa | ||
| 650 | 0 | 7 |
_aIntriga - Novela _2lemb _916095 |
| 650 | 1 | 7 |
_aVida familiar _2lemb _925698 |
| 650 | 1 | 7 |
_aNovela colombiana _ySiglo XXI _2rnbp _91602 |
| 650 | 1 | 7 |
_aLiteratura colombiana _ySiglo XXI _2rnbp _965 |
| 700 | 1 |
_aAmaya Rubiano, Alejandro Abril, àscar _968127 |
|
| 942 |
_2loc _cBK |
||
| 999 |
_c60251 _d60251 |
||